000 00523nam a22001697a 4500
003 BD-DhUL
005 20170709141329.0
008 170320s1328 iq ||||| |||| 00| 0 a d
040 _aBD-DhUL
_cBD-DhUL
082 _a297.48
_bSHM
100 0 _aشریف الرضی
245 1 0 _aالمجازات النبویة /
_cشریف الرضی
260 _aلغبداد :
_bالمطبعۃ العامرہ,
_c۱۳۲۸۔
300 _aص۔ ۲۸۷ ؛
_c۲۰ سم۔
650 0 _aIslamic Seets and reform movements
942 _2ddc
_cBK
999 _c210706
_d210706